Vnímanie udržateľných značiek spotrebiteľom

Spotrebiteľské vnímanie dôležitosti materiálov, z ktorých sú vyrobené produkty, dôležitosti životného prostredia a problematiky ekologických značiek, značiek produktov vyrobených z udržateľných materiálov, alebo značiek takzvaných „zdravých produktov.“ Respondenti majú veľmi vysoký záujem o danú tém...

Descrizione completa

Salvato in:
Dettagli Bibliografici
Autore principale: Korčoková, Marína, 1970-
Natura: Capitolo di libro
Lingua:slovacco
Soggetti:
Tags: Aggiungi Tag
Nessun Tag, puoi essere il primo ad aggiungerne!!

MARC

LEADER 00000naa$a2200000$$$4500
001 0291322
005 20240502074455.9
041 0 |a slo 
044 |a SK 
245 1 0 |a Vnímanie udržateľných značiek spotrebiteľom  |c Marína Korčoková 
520 |a Spotrebiteľské vnímanie dôležitosti materiálov, z ktorých sú vyrobené produkty, dôležitosti životného prostredia a problematiky ekologických značiek, značiek produktov vyrobených z udržateľných materiálov, alebo značiek takzvaných „zdravých produktov.“ Respondenti majú veľmi vysoký záujem o danú tému. Túto oblasť treba podporovať a ľudia by sa v tom mali neustále vzdelávať. 
610 2 0 |a značky 
610 2 0 |a značky environmentálne 
610 2 0 |a správanie spotrebiteľa 
610 2 0 |a štýl životný 
610 2 0 |a zdravie 
610 2 0 |a udržateľnosť 
100 1 |a Korčoková, Marína, 1970-